[Event "SPICE Cup Open 2016"]
[Site "Saint Louis USA"]
[Date "2016.10.19"]
[Round "5.15"]
[White "Betaneli, Alexander"]
[Black "Duran Vega, Sergio"]
[Result "0-1"]
[WhiteTitle "FM"]
[BlackTitle "FM"]
[WhiteElo "2259"]
[BlackElo "2383"]
[WhiteFideId "2012359"]
[BlackFideId "6501311"]
[EventDate "2016.10.17"]
[EventType "swiss"]

1. c4 c5 2. g3 g6 3. Bg2 Bg7 4. Nc3 Nc6 5. a3 Nf6 6. Rb1 a5 7. e4 O-O 8. Nge2
Ne8 9. d3 Nc7 10. h4 Ne6 11. h5 Ned4 12. Nxd4 Nxd4 13. Ne2 Nxe2 14. Qxe2 d6 15.
Be3 Bd7 16. Bh3 Rb8 17. Bxd7 Qxd7 18. Qd2 Rfe8 19. hxg6 fxg6 20. f3 Rf8 21. Qh2
h5 22. f4 b5 23. f5 bxc4 24. Qc2 cxd3 25. Qxd3 gxf5 26. Rxh5 Qe6 27. exf5 Rb3
28. fxe6 Rxd3 29. Ke2 Rb3 30. Bh6 Rf6 31. Bxg7 Kxg7 32. Rg5+ Kf8 33. g4 Rxe6+
34. Kd2 Rf6 35. Kc2 a4 36. Rf5 Rxf5 37. gxf5 Rf3 38. b3 axb3+ 39. Rxb3 Rxf5 40.
a4 Rf2+ 41. Kb1 Rf4 42. Ra3 Rb4+ 43. Kc2 Ke8 44. a5 Kd7 45. a6 Rb8 46. a7 Ra8
47. Kd3 Kc6 48. Ke4 Kb6 49. Rb3+ Kxa7 50. Kd5 Rc8 51. Ra3+ Kb6 52. Rb3+ Ka5 53.
Kc4 d5+ 54. Kxd5 c4 0-1

[Event "SPICE Cup Open 2016"]
[Site "Saint Louis USA"]
[Date "2016.10.19"]
[Round "5.17"]
[White "Eckert, Doug D."]
[Black "Adamson, Robby"]
[Result "1/2-1/2"]
[WhiteTitle "FM"]
[BlackTitle "FM"]
[WhiteElo "2191"]
[BlackElo "2247"]
[WhiteFideId "2001993"]
[BlackFideId "2009730"]
[EventDate "2016.10.17"]
[EventType "swiss"]

1. c4 e6 2. g3 Nf6 3. Bg2 d5 4. Nf3 Be7 5. O-O O-O 6. b3 c5 7. Bb2 b6 8. e3 Bb7
9. Nc3 Qc8 10. Qe2 Rd8 11. d3 Nc6 12. Rfd1 d4 13. exd4 Nxd4 14. Nxd4 cxd4 15.
Bxb7 Qxb7 16. Nb5 Bc5 17. b4 Bxb4 18. Nxd4 Rac8 19. Nf3 Be7 20. Rac1 Qa6 21. Ne5
b5 22. Qc2 bxc4 23. dxc4 Rxd1+ 24. Rxd1 h6 25. Qb3 Rc7 26. Bd4 Qc8 27. Qf3 Bc5
28. Bc3 Qb7 29. Rd8+ Kh7 30. Qd3+ Qe4 31. Ba5 Rb7 32. Qxe4+ Nxe4 33. Nd3 Bb6 34.
Bxb6 axb6 35. Ne5 Nc5 36. h4 1/2-1/2

[Event "SPICE Cup Open 2016"]
[Site "Saint Louis USA"]
[Date "2016.10.19"]
[Round "5.19"]
[White "Mercado, Luisa Fernanda"]
[Black "Cervantes Landeiro, Thalia"]
[Result "1-0"]
[WhiteTitle "WFM"]
[BlackTitle "WCM"]
[WhiteElo "1939"]
[BlackElo "1910"]
[WhiteFideId "4400984"]
[BlackFideId "3520498"]
[EventDate "2016.10.17"]
[EventType "swiss"]

1. e4 c5 2. Nc3 a6 3. g3 Nc6 4. Bg2 d6 5. Nge2 g6 6. O-O Bg7 7. d3 e6 8. Be3
Nge7 9. Qd2 O-O 10. Bh6 Nd4 11. Bxg7 Kxg7 12. Nd1 Nec6 13. Nf4 Ne5 14. f3 Qb6
15. c3 Ndc6 16. Ne3 Qa7 17. Rf2 b5 18. Ne2 c4 19. dxc4 bxc4 20. Nd4 Qc5 21. Nxc6
Qxc6 22. Bf1 Bb7 23. Qd4 f6 24. Nxc4 Nf7 25. Na5 Qc7 26. Nxb7 Qxb7 27. a4 Rfd8
28. a5 d5 29. exd5 Rxd5 30. Qb6 Qd7 31. Bxa6 Rd1+ 32. Rxd1 Qxd1+ 33. Rf1 Qd6 34.
Bc4 Qxb6+ 35. axb6 Rb8 36. Bxe6 Rxb6 37. Bxf7 Kxf7 38. Rf2 Ke6 39. Rd2 Ke5 40.
Kf2 g5 41. Ke3 f5 42. f4+ gxf4+ 43. gxf4+ Kf6 44. b4 Rc6 45. Kd3 Rd6+ 46. Kc2
Re6 47. b5 Ke7 48. Kb3 Re4 49. Rd4 Re1 50. Kc4 Rh1 51. Rd2 Rf1 52. b6 Rxf4+ 53.
Kc5 Kf6 54. b7 1-0

[Event "SPICE Cup Open 2016"]
[Site "Saint Louis USA"]
[Date "2016.10.19"]
[Round "5.20"]
[White "Polgar-Shutzman, Tom"]
[Black "Gosdin, Kaleb Ryder"]
[Result "1/2-1/2"]
[WhiteElo "2034"]
[BlackElo "1953"]
[WhiteFideId "2064880"]
[BlackFideId "30920442"]
[EventDate "2016.10.17"]
[EventType "swiss"]

1. d4 d5 2. Nf3 Nf6 3. Bf4 g6 4. e3 Bg7 5. h3 O-O 6. c4 c6 7. Nc3 a6 8. Be2 Be6
9. Ng5 Bc8 10. O-O h6 11. Nf3 Be6 12. c5 Bf5 13. Bh2 Ne4 14. Nxe4 Bxe4 15. Nd2
Bf5 16. Qb3 Bc8 17. Rad1 Nd7 18. Nf3 Qa5 19. Rc1 Re8 20. Rfd1 e5 21. Nxe5 Nxe5
22. dxe5 Bxe5 23. Bxe5 Rxe5 24. Rd4 Qc7 25. Rcd1 Qe7 26. Qc3 Bf5 27. Qa5 Re8 28.
Bf3 Qf6 29. Qb6 Qe7 30. Bg4 Bxg4 31. Rxg4 Qd7 32. Rb4 R8e7 33. Rd3 Kg7 34. Qa7
Qf5 35. Rdd4 Re4 36. Rxe4 Rxe4 37. Qxb7 Rxb4 38. Qxb4 Qb1+ 39. Kh2 Qxa2 40. Qd4+
Kg8 41. e4 Qc4 42. Qe5 Qxc5 43. Qe8+ Kg7 44. Qe5+ Kg8 45. Qe8+ Kg7 46. Qe5+ 1/2-1/2

[Event "SPICE Cup Open 2016"]
[Site "Saint Louis USA"]
[Date "2016.10.20"]
[Round "6.1"]
[White "Li, Ruifeng"]
[Black "Le, Quang Liem"]
[Result "1/2-1/2"]
[WhiteTitle "IM"]
[BlackTitle "GM"]
[WhiteElo "2538"]
[BlackElo "2723"]
[WhiteFideId "2061074"]
[BlackFideId "12401137"]
[EventDate "2016.10.17"]
[EventType "swiss"]

1. e4 c6 2. d4 d5 3. exd5 cxd5 4. c4 Nf6 5. Nc3 e6 6. Nf3 Be7 7. cxd5 Nxd5 8.
Bd3 Nc6 9. O-O O-O 10. a3 Bf6 11. Bc2 b6 12. Ne4 Ba6 13. Nxf6+ Nxf6 14. Re1 Qd6
15. Bg5 Rfd8 16. Ne5 Nxd4 17. Bxf6 gxf6 18. Bxh7+ Kf8 19. Bd3 Bxd3 20. Nxd3 Ke7
21. Rc1 Rac8 22. Re3 Nf5 23. Rh3 Qd5 24. Qf1 a5 25. Rf3 Rg8 26. Rxc8 Rxc8 27. h3
Rc4 28. Nf4 Qe4 29. Ne2 Rc2 30. Ng3 Nxg3 31. Rxg3 Rxb2 32. Qa6 Qc6 33. Qa7+ Qd7
34. Qb8 b5 35. Qb6 f5 36. Qxa5 Qd4 37. Qc7+ Kf6 38. Qc3 Qxc3 1/2-1/2

[Event "SPICE Cup Open 2016"]
[Site "Saint Louis USA"]
[Date "2016.10.20"]
[Round "6.2"]
[White "Robson, Ray"]
[Black "Chandra, Akshat"]
[Result "1-0"]
[WhiteTitle "GM"]
[BlackTitle "IM"]
[WhiteElo "2670"]
[BlackElo "2490"]
[WhiteFideId "2023970"]
[BlackFideId "25006711"]
[EventDate "2016.10.17"]
[EventType "swiss"]

1. e4 e6 2. d4 d5 3. Nd2 c5 4. exd5 Qxd5 5. dxc5 Nf6 6. Ngf3 Qxc5 7. Bd3 Be7 8.
O-O Nbd7 9. a4 Qc7 10. Nb3 O-O 11. a5 a6 12. Qe2 Re8 13. Bg5 Nd5 14. Bxe7 Rxe7
15. Rfd1 Nf4 16. Qe3 Nxd3 17. Qxd3 Nf8 18. Qd6 Qxd6 19. Rxd6 Rc7 20. c3 f6 21.
Nfd2 e5 22. Ra4 Kf7 23. Rc4 Rxc4 24. Nxc4 Ke7 25. Rb6 Nd7 26. Rb4 Rb8 27. Nb6
Nxb6 28. Rxb6 Kd8 29. Nc5 Kc7 30. f3 Bd7 31. Kf2 f5 32. g3 Bc6 33. Ne6+ Kd6 34.
Nxg7 Rf8 35. Rb4 Rf7 36. Nh5 Kc5 37. f4 Rd7 38. fxe5 Rd2+ 39. Ke3 Rxh2 40. Nf4
Rh1 41. Rd4 Kb5 42. b4 h5 43. e6 h4 44. gxh4 Rxh4 45. e7 Rh7 46. Nd5 Ka4 47. Kf4
Rh1 48. Kxf5 Kb3 49. Ke6 Rh6+ 50. Kf7 Rh7+ 51. Kf6 Rh6+ 52. Kg7 Re6 53. Kf7 Re1
54. c4 Rf1+ 55. Ke6 Rc1 56. b5 axb5 57. cxb5 Be8 58. a6 bxa6 59. b6 Rc6+ 60. Ke5
Rc8 61. Rb4+ Ka3 62. b7 Rb8 63. Kd6 1-0

[Event "SPICE Cup Open 2016"]
[Site "Saint Louis USA"]
[Date "2016.10.20"]
[Round "6.3"]
[White "Xiong, Jeffery"]
[Black "Leon Hoyos, Manuel"]
[Result "1/2-1/2"]
[WhiteTitle "GM"]
[BlackTitle "GM"]
[WhiteElo "2647"]
[BlackElo "2488"]
[WhiteFideId "2047640"]
[BlackFideId "5105269"]
[EventDate "2016.10.17"]
[EventType "swiss"]

1. e4 c5 2. Nf3 g6 3. d4 cxd4 4. Nxd4 Nc6 5. c4 Bg7 6. Be3 Nf6 7. Nc3 O-O 8. Be2
d6 9. Nc2 Nd7 10. Qd2 Nc5 11. Bh6 Bxh6 12. Qxh6 f5 13. exf5 Bxf5 14. Qd2 Ne4 15.
Nxe4 Bxe4 16. Ne3 Qa5 17. Qxa5 Nxa5 18. O-O Nc6 19. Rad1 g5 20. Bg4 Ne5 21. Be6+
Kg7 22. b3 Rf6 23. Bd5 Bxd5 24. Nxd5 Rf7 25. f3 Rc8 26. Rfe1 h6 27. Re4 Rc5 28.
a4 Kf8 29. Kf2 Rc8 30. h4 Kg7 31. hxg5 hxg5 32. Rh1 Kg6 33. Ke2 Kg7 34. Kd2 Kg6
35. Ke2 Kg7 36. Kd2 Kg6 37. Kc3 Kg7 38. Kd4 Nc6+ 39. Ke3 Ne5 40. Rh3 Rg8 41. Rh5
Kg6 42. Rh1 Rc8 43. Rh3 Rg8 44. Rg3 Kh7 45. Kd2 Rg6 46. Rh3+ Kg7 47. Rh5 Kg8 48.
Ne3 Kg7 49. Ke2 Nd7 50. Rg4 Kf6 51. Nd5+ Ke6 52. Nc7+ Kf5 53. Nd5 Ke6 54. Rgxg5
Rxg5 55. Rxg5 Nc5 56. b4 Nxa4 57. Rg8 Nb2 58. Rg6+ Kd7 59. Rg4 Na4 60. Kd3 e6
61. Ne3 Ke7 62. Rg5 Nb6 63. Ra5 a6 64. Rh5 1/2-1/2

[Event "SPICE Cup Open 2016"]
[Site "Saint Louis USA"]
[Date "2016.10.20"]
[Round "6.4"]
[White "Shimanov, Aleksandr"]
[Black "Liang, Awonder"]
[Result "1/2-1/2"]
[WhiteTitle "GM"]
[BlackTitle "IM"]
[WhiteElo "2639"]
[BlackElo "2478"]
[WhiteFideId "4198603"]
[BlackFideId "2056437"]
[EventDate "2016.10.17"]
[EventType "swiss"]

1. e4 c5 2. Nf3 d6 3. Nc3 Nf6 4. e5 dxe5 5. Nxe5 e6 6. Bb5+ Nbd7 7. d4 a6 8.
Bxd7+ Nxd7 9. Qh5 Qe7 10. Ne4 Nf6 11. Nxf6+ gxf6 12. Ng4 Rg8 13. dxc5 Rg6 14. b4
a5 15. c3 Bg7 16. f4 Bd7 17. O-O Bc6 18. g3 O-O-O 19. Be3 Rd5 20. Qh4 Rd3 21. b5
Bxb5 22. Bd4 Qd7 23. f5 Rxd4 24. fxg6 Rd2 25. gxh7 Bc6 26. h8=Q+ Bxh8 27. Qxh8+
Kc7 28. Rf2 Qd5 29. Rxd2 Qh1+ 30. Kf2 Qg2+ 31. Ke1 Qh1+ 32. Ke2 Qf3+ 1/2-1/2

[Event "SPICE Cup Open 2016"]
[Site "Saint Louis USA"]
[Date "2016.10.20"]
[Round "6.5"]
[White "Durarbayli, Vasif"]
[Black "Nyzhnyk, Illya"]
[Result "0-1"]
[WhiteTitle "GM"]
[BlackTitle "GM"]
[WhiteElo "2608"]
[BlackElo "2607"]
[WhiteFideId "13402935"]
[BlackFideId "14118084"]
[EventDate "2016.10.17"]
[EventType "swiss"]

1. e4 e6 2. d4 d5 3. Nc3 dxe4 4. Nxe4 Bd7 5. Nf3 Bc6 6. Bd3 Nd7 7. O-O Ngf6 8.
Ned2 Be7 9. Re1 Bxf3 10. Qxf3 c6 11. c3 O-O 12. Nc4 Nd5 13. Qh3 g6 14. Bh6 Re8
15. Rad1 Bg5 16. Bxg5 Qxg5 17. Nd6 Rf8 18. Ne4 Qe7 19. Qh6 Rfe8 20. Ng5 N5f6 21.
Bc4 Qf8 22. Qh3 Re7 23. Rd3 Rae8 24. Rde3 h6 25. Nf3 Nb6 26. Ne5 Nfd7 27. Bb3
Nxe5 28. Rxe5 Nd7 29. R5e3 Kh7 30. Qg3 Nf6 31. h3 Nd5 32. Re5 Rd8 33. Qh4 Red7
34. Bc2 Qe7 35. Qg3 Qf6 36. h4 Kg7 37. h5 g5 38. Qg4 b5 39. g3 Kf8 40. Bb3 a5
41. a3 b4 42. cxb4 axb4 43. a4 Ne7 44. R1e4 Nf5 45. Qf3 Kg7 46. Rxe6 fxe6 47.
Rxe6 Qf8 48. Rg6+ Kh7 49. Be6 Rd5 50. Bxd5 cxd5 51. Rb6 Kh8 52. a5 Nxd4 53. Qe3
Nf3+ 54. Kg2 d4 55. Qe4 g4 56. a6 d3 57. Qe3 d2 58. Rxh6+ Kg7 59. Qb6 Nh4+ 0-1

[Event "SPICE Cup Open 2016"]
[Site "Saint Louis USA"]
[Date "2016.10.20"]
[Round "6.6"]
[White "Kannappan Priyadharshan"]
[Black "Brown, Michael William"]
[Result "0-1"]
[WhiteTitle "IM"]
[BlackTitle "IM"]
[WhiteElo "2525"]
[BlackElo "2431"]
[WhiteFideId "5018293"]
[BlackFideId "2037602"]
[EventDate "2016.10.17"]
[EventType "swiss"]

1. e4 e5 2. Nf3 Nc6 3. Bc4 Bc5 4. b4 Bxb4 5. c3 Be7 6. d4 Na5 7. Bd3 d6 8. dxe5
dxe5 9. Nxe5 Nf6 10. O-O O-O 11. Qc2 c6 12. Nf3 h6 13. Bf4 Nh5 14. Be3 Qc7 15.
e5 c5 16. Be2 Nc6 17. Qe4 g6 18. Bxh6 Bf5 19. Qa4 Ng7 20. Bf4 Nh5 21. Bh6 Ng7
22. Qf4 Rfe8 23. g4 Ne6 24. Qg3 Be4 25. Nbd2 Bd5 26. Rfe1 Rad8 27. c4 Bxf3 28.
Nxf3 Nb4 29. Red1 Rxd1+ 30. Bxd1 Rd8 31. a3 Nc6 32. Be2 Qa5 33. Kg2 Qc3 34. Rc1
Qxa3 35. Be3 Qb2 36. Bd1 Rd3 37. Rc2 Qb1 38. Rc1 Qb2 39. Rc2 Qa3 40. Be2 Rxe3
41. fxe3 Qxe3 42. Kf1 Nb4 43. Rd2 Nd4 44. Qf2 Qc3 45. e6 Nxe6 46. Rd7 Bf6 47.
Rxb7 a5 48. Ra7 Nc2 49. g5 Bxg5 50. Rxf7 Be3 51. Qg3 Kxf7 52. Ne5+ Ke7 53. Nxg6+
Kf6 54. Nh4 Nf4 55. Nf3 Qa1+ 0-1

[Event "SPICE Cup Open 2016"]
[Site "Saint Louis USA"]
[Date "2016.10.20"]
[Round "6.8"]
[White "Troff, Kayden W"]
[Black "Kaliksteyn, Alexander"]
[Result "1-0"]
[WhiteTitle "GM"]
[BlackTitle "FM"]
[WhiteElo "2501"]
[BlackElo "2412"]
[WhiteFideId "2047896"]
[BlackFideId "2007630"]
[EventDate "2016.10.17"]
[EventType "swiss"]

1. d4 Nf6 2. c4 g6 3. Nc3 Bg7 4. e4 d6 5. Nf3 O-O 6. Be2 e5 7. O-O Nc6 8. d5 Ne7
9. Nd2 a5 10. Rb1 Nd7 11. a3 f5 12. b4 Kh8 13. Qc2 axb4 14. axb4 c6 15. dxc6
Nxc6 16. Nf3 Nd4 17. Nxd4 exd4 18. Nb5 fxe4 19. Qxe4 Nc5 20. bxc5 Bf5 21. Qd5
Bxb1 22. Nxd4 dxc5 23. Ne6 Qe8 24. Bf3 Rxf3 25. Nxg7 Qe2 26. Qxf3 1-0

[Event "SPICE Cup Open 2016"]
[Site "Saint Louis USA"]
[Date "2016.10.20"]
[Round "6.10"]
[White "Ashwin, Jayaram"]
[Black "Colas, Joshua"]
[Result "1-0"]
[WhiteTitle "GM"]
[BlackTitle "FM"]
[WhiteElo "2468"]
[BlackElo "2335"]
[WhiteFideId "5018137"]
[BlackFideId "2044447"]
[EventDate "2016.10.17"]
[EventType "swiss"]

1. d4 Nf6 2. Nf3 e6 3. Bf4 c5 4. e3 b6 5. Nbd2 Bb7 6. Nc4 d5 7. Nce5 c4 8. Ng5
Qe7 9. c3 h6 10. Ngxf7 Rg8 11. Be2 Nbd7 12. Nxd7 Kxd7 13. Qa4+ Kc8 14. Nd6+ Kd8
15. b3 cxb3 16. axb3 a5 17. Qb5 Qc7 18. Nc4 Qc8 19. Qxb6+ Ke8 20. Nd2 Qxc3 21.
Bb5+ 1-0

[Event "SPICE Cup Open 2016"]
[Site "Saint Louis USA"]
[Date "2016.10.20"]
[Round "6.11"]
[White "Kavutskiy, Konstantin"]
[Black "Sukandar, Irine Kharisma"]
[Result "1-0"]
[WhiteTitle "FM"]
[BlackTitle "IM"]
[WhiteElo "2332"]
[BlackElo "2432"]
[WhiteFideId "2026384"]
[BlackFideId "7101937"]
[EventDate "2016.10.17"]
[EventType "swiss"]

1. d4 Nf6 2. c4 e6 3. Nf3 b6 4. g3 Bb4+ 5. Bd2 Bxd2+ 6. Qxd2 Ba6 7. b3 d5 8. Bg2
Nbd7 9. cxd5 exd5 10. O-O O-O 11. Nc3 Re8 12. Qb2 Nf8 13. Rfd1 Ng6 14. e3 Qe7
15. Rac1 Rad8 16. b4 h5 17. h4 Ng4 18. b5 Bb7 19. Qc2 a6 20. a4 a5 21. Ne2 Rd7
22. Rd3 Qf6 23. Rc3 Ree7 24. Nf4 Nxf4 25. exf4 g6 26. Ne5 Nxe5 27. fxe5 Qe6 28.
Rf3 Rd8 29. Rf6 Qg4 30. Rf4 Qd7 31. Bf3 Rc8 32. g4 c5 33. bxc6 Rxc6 34. Qd2
Rxc1+ 35. Qxc1 hxg4 36. Bxg4 Qc7 37. Qd2 Bc8 38. h5 gxh5 39. Bxh5 Kf8 40. Rf6
Ke8 41. Qh6 Bh3 42. Qh8+ Kd7 43. Rd6+ Qxd6 44. exd6 Kxd6 45. Qd8+ Rd7 46. Qxb6+ 1-0

[Event "SPICE Cup Open 2016"]
[Site "Saint Louis USA"]
[Date "2016.10.20"]
[Round "6.12"]
[White "Duran Vega, Sergio"]
[Black "Santarius, Erik F"]
[Result "1/2-1/2"]
[WhiteTitle "FM"]
[WhiteElo "2383"]
[BlackElo "2289"]
[WhiteFideId "6501311"]
[BlackFideId "2025817"]
[EventDate "2016.10.17"]
[EventType "swiss"]

1. c4 e6 2. Nc3 d5 3. d4 Nf6 4. cxd5 Nxd5 5. e4 Nxc3 6. bxc3 c5 7. Nf3 cxd4 8.
cxd4 Bb4+ 9. Bd2 Bxd2+ 10. Qxd2 O-O 11. Bc4 Nd7 12. O-O b6 13. a4 Bb7 14. Qd3
Rc8 15. Rfc1 Qe7 16. a5 bxa5 17. Rxa5 Nb6 18. Nd2 Qb4 19. Rxa7 Nxc4 20. Nxc4
Bxe4 21. Qxe4 Rxc4 22. Rxc4 Qxc4 23. g3 g6 24. h4 h5 25. Qf4 Qd5 26. Rc7 Kg7 27.
Rc5 Qd8 28. d5 exd5 29. Qd4+ Qf6 30. Rxd5 Qxd4 1/2-1/2

[Event "SPICE Cup Open 2016"]
[Site "Saint Louis USA"]
[Date "2016.10.20"]
[Round "6.13"]
[White "Rahul, Srivatshav P"]
[Black "Rosen, Eric S"]
[Result "1-0"]
[BlackTitle "IM"]
[WhiteElo "2277"]
[BlackElo "2382"]
[WhiteFideId "25059653"]
[BlackFideId "2032562"]
[EventDate "2016.10.17"]
[EventType "swiss"]

1. d4 d5 2. c4 e6 3. Nc3 Nf6 4. cxd5 exd5 5. Bg5 Be7 6. e3 O-O 7. Bd3 Nbd7 8.
Nf3 Re8 9. Qc2 c6 10. O-O Nf8 11. h3 Ng6 12. Bxf6 Bxf6 13. b4 a6 14. Na4 Be7 15.
Rfb1 Bd6 16. Nc5 Qf6 17. Qd1 b6 18. Na4 Bc7 19. Nc3 Qd6 20. a4 f5 21. b5 cxb5
22. axb5 a5 23. Qc2 Ne7 24. Ne5 Be6 25. Rc1 Rac8 26. Qb1 g6 27. Ra2 Qd8 28. f4
Bd6 29. Na4 Rxc1+ 30. Qxc1 Qb8 31. Rc2 Qb7 32. Nc6 Bd7 33. Be2 Kf8 34. h4 Kg7
35. h5 Rc8 36. Ne5 Be6 37. Rxc8 Qxc8 38. Qf1 Qc2 39. Nxb6 Bc7 40. Nbd7 Qd2 41.
Kf2 Nc8 42. h6+ Kh8 43. Qh1 Nd6 44. Nc5 g5 45. Nf3 Qb2 46. Qh5 g4 47. Qg5 Ne8
48. Nxe6 gxf3 49. gxf3 Qb4 50. Nxc7 Qf8 51. Nxe8 a4 52. Bd1 a3 53. Bb3 1-0

[Event "SPICE Cup Open 2016"]
[Site "Saint Louis USA"]
[Date "2016.10.20"]
[Round "6.14"]
[White "Banawa, Joel Cholo B."]
[Black "Sharevich, Anna"]
[Result "1-0"]
[WhiteTitle "FM"]
[BlackTitle "WGM"]
[WhiteElo "2363"]
[BlackElo "2268"]
[WhiteFideId "2024055"]
[BlackFideId "13503189"]
[EventDate "2016.10.17"]
[EventType "swiss"]

1. e4 c5 2. Nc3 e6 3. Nf3 a6 4. g3 b5 5. d4 cxd4 6. Nxd4 Bb7 7. Bg2 b4 8. Na4
Qa5 9. b3 Nf6 10. O-O Qc7 11. Re1 e5 12. Nf5 d6 13. Bg5 Nbd7 14. c3 h6 15. Bxf6
Nxf6 16. cxb4 g6 17. Rc1 Qd8 18. Ne3 Be7 19. Nc4 O-O 20. Qd2 Kg7 21. Rcd1 Ne8
22. Qe3 f6 23. Na5 Rb8 24. Qa7 Ba8 25. Nc5 Kf7 26. Nxa6 Rc8 27. Bh3 Rc2 28. Rc1
Rxc1 29. Rxc1 f5 30. exf5 1-0

[Event "SPICE Cup Open 2016"]
[Site "Saint Louis USA"]
[Date "2016.10.20"]
[Round "6.15"]
[White "Grabinsky, Aaron"]
[Black "Rosenthal, Nicholas"]
[Result "1-0"]
[WhiteElo "2330"]
[BlackElo "2136"]
[WhiteFideId "2087090"]
[BlackFideId "2045150"]
[EventDate "2016.10.17"]
[EventType "swiss"]

1. d4 e6 2. Bf4 f5 3. e3 Nf6 4. Nf3 Be7 5. c4 O-O 6. Nc3 b6 7. Be2 Bb7 8. d5 Bb4
9. dxe6 Bxc3+ 10. bxc3 dxe6 11. Qxd8 Rxd8 12. Bxc7 Rc8 13. Be5 Nbd7 14. Bxf6
Nxf6 15. Nd4 Kf7 16. Nb5 Ke7 17. f3 Ba6 18. a4 Rc5 19. Kf2 Nd7 20. a5 Ne5 21.
Rhb1 Nxc4 22. Bxc4 Rxc4 23. axb6 axb6 24. Nd4 b5 25. Ra5 Rcc8 26. Rba1 Bb7 27.
Ra7 Kf6 28. Nxb5 Rxa7 29. Rxa7 Bd5 30. Ra3 Rb8 31. Nd4 Rb2+ 32. Kg3 Bc4 33. Ra1
e5 34. Nc6 Rc2 35. Rd1 Ke6 36. Rb1 Rxc3 37. Rb6 Kd6 38. Na5+ Kc5 39. Nxc4 Kxc4
40. Rb7 g5 41. Rxh7 Rxe3 42. Rh5 f4+ 43. Kg4 Kd5 44. Rxg5 Ke6 45. Rg6+ Kf7 46.
Kf5 Re2 47. Rg4 Re3 48. h4 Re1 49. h5 Kf8 50. h6 Rh1 51. Kxe5 Rxh6 52. Rxf4+ Kg7
53. Ra4 Rh5+ 54. Kf4 Rb5 55. g4 Rb6 56. g5 Kg6 57. Kg4 Rb1 58. Ra6+ Kg7 59. f4
Rb7 60. f5 Rc7 61. Kh5 Rb7 62. f6+ Kg8 63. Kg6 Rg7+ 64. Kf5 Rf7 65. Ra8+ 1-0

[Event "SPICE Cup Open 2016"]
[Site "Saint Louis USA"]
[Date "2016.10.20"]
[Round "6.16"]
[White "Adamson, Robby"]
[Black "Kiewra, Keaton F"]
[Result "0-1"]
[WhiteTitle "FM"]
[BlackTitle "IM"]
[WhiteElo "2247"]
[BlackElo "2454"]
[WhiteFideId "2009730"]
[BlackFideId "2019280"]
[EventDate "2016.10.17"]
[EventType "swiss"]

1. e4 e5 2. Nf3 Nc6 3. Bc4 Bc5 4. c3 Nf6 5. d3 d6 6. O-O O-O 7. Re1 a6 8. a4 Ba7
9. Nbd2 Ne7 10. d4 Ng6 11. Bf1 Re8 12. Qc2 Nh5 13. g3 Be6 14. b4 Qc8 15. dxe5
dxe5 16. Ng5 Bd7 17. Bc4 Rf8 18. Qb3 Nh8 19. a5 Bg4 20. Ndf3 h6 21. Nxf7 Rxf7
22. Nxe5 Bxf2+ 23. Kf1 Bxe1+ 24. Bxf7+ Kh7 25. Kxe1 Nf6 26. Bf4 Nxf7 27. Qxf7
Bh5 28. Qe7 Qh3 29. Ra2 Nxe4 30. Qxc7 Qf5 31. Qd7 Qxd7 32. Nxd7 Rd8 0-1

[Event "SPICE Cup Open 2016"]
[Site "Saint Louis USA"]
[Date "2016.10.20"]
[Round "6.17"]
[White "Williams, Justus D"]
[Black "Mercado, Luisa Fernanda"]
[Result "1-0"]
[WhiteTitle "FM"]
[BlackTitle "WFM"]
[WhiteElo "2313"]
[BlackElo "1939"]
[WhiteFideId "2049929"]
[BlackFideId "4400984"]
[EventDate "2016.10.17"]
[EventType "swiss"]

1. Nf3 d5 2. c4 c6 3. g3 dxc4 4. Bg2 g6 5. O-O Bg7 6. Na3 Nf6 7. Nxc4 O-O 8. d4
Nbd7 9. Bd2 Nb6 10. Ba5 Be6 11. b3 Bd5 12. Re1 Be4 13. Ncd2 Qd6 14. Nxe4 Nxe4
15. Qd3 f5 16. Red1 Rad8 17. Rac1 Kh8 18. Qc2 Qa3 19. Be1 Nd7 20. e3 Qd6 21. a3
Qe6 22. Bf1 Ndf6 23. Bd3 h6 24. Ne5 Kh7 25. f3 Ng5 26. h4 Nf7 27. Nxf7 Qxf7 28.
Bc4 Nd5 29. Bf2 Qf6 30. e4 fxe4 31. fxe4 Nb6 32. e5 Qf3 33. Bd3 Qg4 34. Re1 Nd5
35. Kh2 h5 36. Re4 Qe6 37. Rf1 Rf7 38. Be1 Rdf8 39. Rxf7 Rxf7 40. Kg2 Qf5 41.
Re2 Qg4 42. Kh2 Bh6 43. Re4 Qe6 44. Qe2 Rf8 45. Bd2 Bg7 46. Bg5 Qf5 47. g4 hxg4
48. Rxg4 Qf2+ 49. Qxf2 Rxf2+ 50. Kg3 Ra2 51. h5 Rxa3 52. Bxg6+ Kh8 53. Bc2 Ra2
54. Bf5 Rb2 55. h6 Rxb3+ 56. Kh4 Bf8 57. Be6 Rb1 58. Kh5 Nc7 59. Bf7 Rh1+ 60.
Bh4 Kh7 61. Bg6+ Kh8 62. Bf7 Kh7 63. Bg6+ Kh8 64. Bd3 a5 65. Kg6 Rh3 66. Be4 Re3
67. Kf7 Rxe4 68. Rxe4 Bxh6 69. Bxe7 1-0

[Event "SPICE Cup Open 2016"]
[Site "Saint Louis USA"]
[Date "2016.10.20"]
[Round "6.18"]
[White "Niemann, Hans M"]
[Black "Voelker, James"]
[Result "1-0"]
[WhiteTitle "FM"]
[WhiteElo "2288"]
[BlackElo "2112"]
[WhiteFideId "2093596"]
[BlackFideId "2018853"]
[EventDate "2016.10.17"]
[EventType "swiss"]

1. d4 Nf6 2. c4 e6 3. Nc3 Bb4 4. Bg5 d5 5. e3 h6 6. Bh4 O-O 7. Nf3 g5 8. Bg3 Ne4
9. Qb3 c5 10. a3 Bxc3+ 11. bxc3 Nc6 12. Bd3 dxc4 13. Qxc4 Na5 14. Qa2 Nxc3 15.
Qc2 cxd4 16. Nxd4 Nd5 17. h4 g4 18. Rd1 Bd7 19. e4 Nb6 20. Qe2 h5 21. e5 Nd5 22.
Qe4 f5 23. exf6 Nxf6 24. Qg6+ Kh8 25. Be5 Qe7 26. Qxh5+ Kg8 27. Bxf6 1-0

[Event "SPICE Cup Open 2016"]
[Site "Saint Louis USA"]
[Date "2016.10.20"]
[Round "6.19"]
[White "Betaneli, Alexander"]
[Black "Eckert, Doug D."]
[Result "1/2-1/2"]
[WhiteTitle "FM"]
[BlackTitle "FM"]
[WhiteElo "2259"]
[BlackElo "2191"]
[WhiteFideId "2012359"]
[BlackFideId "2001993"]
[EventDate "2016.10.17"]
[EventType "swiss"]

1. c4 e5 2. g3 c6 3. d4 e4 4. Bg2 d5 5. Nc3 Bb4 6. Nh3 Nf6 7. Bg5 Nbd7 8. O-O
Bxc3 9. bxc3 h6 10. Bc1 O-O 11. c5 b6 12. Qa4 Bb7 13. Rb1 Qc8 14. Ba3 bxc5 15.
Qa5 Ba6 16. Rfe1 Bc4 17. Bxc5 Nxc5 18. Qxc5 e3 19. f3 Qa6 20. Nf4 Rab8 21. Rb4
Rxb4 22. cxb4 Qxa2 23. Kf1 Qd2 24. Bh3 Rb8 25. Qxa7 Qxb4 26. Bf5 Qb6 27. Qxb6
Rxb6 28. Ng2 Rb3 29. Rb1 Rxb1+ 30. Bxb1 Kf8 31. Nxe3 Bb3 32. Nf5 h5 33. Kf2 g6
34. Ne3 Ke7 35. Nf1 Nd7 36. Nd2 Ba4 37. e4 c5 38. dxc5 dxe4 39. Nxe4 Bc6 1/2-1/2